000 00537nam a2200193Ia 4500
005 20250508151721.0
008 008 250505s9999 xx 000 0 hin d
037 _aTextual
040 _aFEDL
_beng
_cFEDL
041 _ahin
_2eng
084 _a370.15, JEE
_qFEDL
100 _aJeevnayakam
_9759827
245 0 _aManovigyan aur shiksha
260 _aLucknow, India
_bAshok Prakashan
_c1955
300 _a203p.
650 _aEducation - Psychology
_9755527
942 _cTEXL
_h370.15, JEE
999 _c1331646
_d1331646